00289nam a2200121Ia 4500008004100000082001300041100001800054245003000072250000800102260003700110300000800147650001200155191201s1994 xx 000 0 und d a535bVEQ aVENKATARMAN,G 0aQed: The Jewel of Physics a1st aN. DelhibUniversity Pressc1994 a136 aApplied